000 01017nam a22003257a 4500
999 _c168949
_d168949
003 OSt
005 20180821085645.0
007 ta
008 180723b my aco|e |||| 00| 0 ara d
020 _a9786144088005
_cRM55.00
_qpaperback
040 _aPPAK
_beng
_cPPAK
_erda
041 1 _aArabic
041 1 _aEnglish
082 0 4 _223
_a492.7321
090 0 0 _a492.7321
_bDIC
_dR
100 _4author.
245 1 0 _aDictionary AL KAFI :
_bENGLISH - ARABIC /
250 _aFifth Edition
264 1 _aBeirut :
_bLearning ;
_c2014 - 2015
300 _a379 pages :
_bcolour photographs ;
_c21 cm
336 _2rdacontent
_atext
337 _2rdamedia
_aunmediated
338 _2rdacarrier
_avolume
500 _aMore Than 20000 Words, 250 Drawing & Illustrations, The Human Body and World Atlas.
546 _aParallel Arabic and English text
650 1 0 _aArabic language
_vDictionaries
_xEnglish
650 2 0 _aEnglish language
_vDictionaries
_xArabic
650 2 0 _aPicture
_vDictionaries
_xArabic
942 _2ddc
_cB